Homenaje a los niños de 1808 / (Record no. 190752)

MARC details
000 -LEADER
campo de control de longitud fija 01034nam a2200265 i 4500
001 - NÚMERO DE CONTROL
campo de control 190752
003 - IDENTIFICADOR DE NÚMERO DE CONTROL
campo de control ES-MaACL
005 - FECHA Y HORA DE LA ÚLTIMA TRANSACCIÓN
campo de control 20240131123935.0
008 - DATOS DE LONGITUD FIJA--INFORMACIÓN GENERAL
campo de control de longitud fija 220627s2008 sp a 011 j spa
020 ## - NÚMERO INTERNACIONAL ESTÁNDAR DEL LIBRO
Número Internacional Estándar del Libro 978-84-7960-389-2
080 ## - NÚMERO DE LA CLASIFICACIÓN DECIMAL UNIVERSAL
Número de la Clasificación Decimal Universal 087.5:82-34(082.2)
245 00 - MENCIÓN DEL TÍTULO
Título Homenaje a los niños de 1808 /
Mención de responsabilidad, etc. coordinación, Sara Moreno Valcárcel ; [textos, Marilar Aleixandre ... et al. ; ilustraciones, Ignasi Blanch ... et al.].
250 ## - MENCION DE EDICION
Mención de edición 1ª ed.
260 ## - PUBLICACIÓN, DISTRIBUCIÓN, ETC.
Lugar de publicación, distribución, etc. Madrid :
Nombre del editor, distribuidor, etc. Ediciones de la Torre,
Fecha de publicación, distribución, etc. 2008.
300 ## - DESCRIPCIÓN FÍSICA
Extensión 223 p. :
Otras características físicas il. col. y n. ;
Dimensiones 24 x 25 cm.
650 #4 - PUNTO DE ACCESO ADICIONAL DE MATERIA--TÉRMINO DE MATERIA
Término de materia o nombre geográfico como elemento de entrada Cuentos infantiles.
9 (RLIN) 135854
650 #4 - PUNTO DE ACCESO ADICIONAL DE MATERIA--TÉRMINO DE MATERIA
Término de materia o nombre geográfico como elemento de entrada Cuentos-
Subdivisión de forma Libros infantiles.
9 (RLIN) 11478
650 #4 - PUNTO DE ACCESO ADICIONAL DE MATERIA--TÉRMINO DE MATERIA
Término de materia o nombre geográfico como elemento de entrada Cuentos españoles-
Subdivisión cronológica S.XX.
9 (RLIN) 11487
700 1# - ENTRADA AGREGADA--NOMBRE PERSONAL
Nombre de persona Moreno Valcárcel, Sara.
9 (RLIN) 174700
700 1# - ENTRADA AGREGADA--NOMBRE PERSONAL
Nombre de persona Aleixandre, Marilar,
Fechas asociadas al nombre 1947-
9 (RLIN) 174701
700 1# - ENTRADA AGREGADA--NOMBRE PERSONAL
Nombre de persona Blanch, Ignasi (
Fechas asociadas al nombre 1964-)
9 (RLIN) 174702
852 4# - LOCALIZACIÓN
Ubicación ES-MaACL
Número de control de estantería A-14958
itemnumber 197934
Sublocalización o colección R.152506
Ubicación en estantería Depósito 1
Signatura antigua Olim: N-7958
Donativo/Legado Donación: Editorial
Encuadernación Encuadernación en tela azul
942 ## - ELEMENTOS DE ENTRADA SECUNDARIOS (KOHA)
Fuente del sistema de clasificación o colocación Clasificación decimal universal
Holdings
Estatus retirado Estado de pérdida Fuente del sistema de clasificación o colocación Estado de daño No para préstamo Biblioteca de origen Biblioteca actual Ubicación en estantería Fecha de adquisición Fuente de adquisición Total de préstamos Signatura topográfica completa Código de barras Visto por última vez Precio de reemplazo Tipo de ítem Koha
    Clasificación decimal universal     Biblioteca del Ateneo de Madrid Biblioteca del Ateneo de Madrid Depósito 1 27/06/2022 Donación   A-14958 1203008 23/02/2023 23/02/2023 Libro impreso